| 000 | 00601nam a2200241 a 4500 | ||
|---|---|---|---|
| 001 | nice12345678 | ||
| 003 | IN_TiNIC | ||
| 005 | 20260116011259.0 | ||
| 008 | 050524s1963 haga grp 000 0 eng | ||
| 020 |
_a _c0 |
||
| 082 | 0 | 0 |
_a958.1 _bSPA |
| 100 | _aSpain, James W | ||
| 245 | _aPathan Borderland | ||
| 260 |
_aHague _bMouton Publisher _c1963 |
||
| 300 | _a293p | ||
| 500 | _aincludes index and biblioraphy | ||
| 505 | 2 | _aBibliographical Notes, Selected Bibliography, Index, Map | |
| 650 | _aAfghanistan | ||
| 700 | 1 | _aSpain, James W | |
| 902 | _bSRS | ||
| 942 | _cBK | ||
| 999 |
_c143 _d143 |
||